[Event "ITA-ch U20"]
[Site "Tarvisio"]
[Date "2023.07.09"]
[Round "9"]
[White "Gazzato, Nicolo"]
[Black "Mauro, Gabriele"]
[Result "1-0"]
[WhiteElo "1539"]
[BlackElo "1323"]
[PlyCount "99"]
[EventDate "2023.07.02"]
[EventType "swiss"]
[EventRounds "9"]
[EventCountry "ITA"]
[SourceTitle "EXT 2024"]
[Source "ChessBase"]
[SourceDate "2023.10.10"]
[SourceVersion "1"]
[SourceVersionDate "2023.10.10"]
[SourceQuality "1"]

1. e4 d5 2. exd5 Qxd5 3. Nc3 Qa5 4. d4 Nf6 5. Bd2 c6 6. Nf3 Bf5 7. Bc4 Nbd7 8. 0-0 e6 9. Re1 Qc7 10. Rf1 Qa5 11. Re1 Qc7 12. Rf1 Qa5 13. Re1 Qc7 14. a4 Bd6 15. h3 0-0 16. Nh4 Bg6 17. Nxg6 hxg6 18. Bg5 Nd5 19. Bd2 N5f6 20. Bg5 Nd5 21. Bd2 N5f6 22. Bg5 Nd5 23. Bd2 N5f6 24. Bg5 Nd5 25. Bd2 N5f6 26. Bg5 Nd5 27. Bd2 N5f6 28. Bg5 Nd5 29. Bd2 N5f6 30. Bg5 Nd5 31. Bd2 N5f6 32. Bg5 Nd5 33. h4 Nxc3 34. bxc3 Rfe8 35. h5 gxh5 36. Qxh5 Be7 37. Qd1 Bd6 38. Qh5 Be7 39. Qd1 Bd6 40. Qh5 Be7 41. Qd1 Bd6 42. Qh5 Be7 43. Qd1 Bd6 44. Qh5 Be7 45. Qd1 Bd6 46. Qh5 Be7 47. Rxe6 Bxg5 48. Rxe8+ Rxe8 49. Qxf7+ Kh7 50. Qh5+ 1-0

[Event "ITA-ch U20"]
[Site "Tarvisio"]
[Date "2023.07.06"]
[Round "6"]
[White "Mauro, Gabriele"]
[Black "Orsi, Andrea"]
[Result "1-0"]
[WhiteElo "1323"]
[BlackElo "1170"]
[PlyCount "102"]
[EventDate "2023.07.02"]
[EventType "swiss"]
[EventRounds "9"]
[EventCountry "ITA"]
[SourceTitle "EXT 2024"]
[Source "ChessBase"]
[SourceDate "2023.10.10"]
[SourceVersion "1"]
[SourceVersionDate "2023.10.10"]
[SourceQuality "1"]

1. e4 d5 2. exd5 Qxd5 3. Nc3 Qd6 4. d4 Nf6 5. Nge2 a6 6. Bf4 Qd8 7. g3 e6 8. Bg2 Bd6 9. Qd2 Nc6 10. Bg5 0-0 11. 0-0 Bd7 12. Rfe1 h6 13. Bf4 Qe7 14. Rf1 Qd8 15. Rfe1 Qe7 16. d5 Nd8 17. dxe6 fxe6 18. Rad1 e5 19. Nc1 Nf7 20. Bxb7 Rab8 21. Bxa6 Rxb2 22. Nb3 Bb4 23. Nc1 Bd6 24. Nb3 Bb4 25. Nc1 Bd6 26. Nb3 Bb4 27. Nc1 Bd6 28. Nb3 Bb4 29. Nc1 Bd6 30. Nb3 Bb4 31. a3 Bxa3 32. Nd5 Nxd5 33. Qxd5 Be6 34. Qe4 Bd7 35. Qd5 Be6 36. Qe4 Bd7 37. Qd5 Be6 38. Qe4 Bb4 39. Bd2 Bxd2 40. Nxd2 Rb6 41. Bd3 Ng5 42. Qg2 Nh3+ 43. Kf1 Rxf2+ 44. Qxf2 Nxf2 45. Kxf2 Qf6+ 46. Kg2 Bd5+ 47. Kg1 Qe6 48. Bf1 Bb7 49. Re3 Qc6 50. Nf3 Qxc2 51. Rd8+ Kf7 1-0